| 000 | 00351nam a2200145Ia 4500 | ||
|---|---|---|---|
| 008 | 150201s2013 xx 000 0 und d | ||
| 082 |
_a612.015 _bF13B |
||
| 100 | _aBURTIS CARL A. | ||
| 245 | _aFUNDAMENTALS OF CLINICAL CHEMISTRY | ||
| 250 | _a6TH | ||
| 260 |
_bELSEVIER _aINDIA _c2013 |
||
| 300 | _a1-952 | ||
| 650 | _aBIOCHEMISTRY | ||
| 942 |
_2ddc _cBK |
||
| 999 |
_c1639 _d1639 |
||